Statistics for Pokemon - Elite 4

Click here to take the quiz!

General Stats

  • This quiz has been taken 30 times
  • The average score is 20 of 32

Answer Stats

Hint Answer % Correct
ChampionLance
93%
DragonLance
93%
ChampionBlue
93%
FightingBruno
89%
FightingBruno
89%
Champion - Black 2/White 2Iris
86%
PoisonKoga
86%
GhostAgatha
86%
ChampionCynthia
79%
Champion - Ruby/SapphireSteven
79%
Champion - EmeraldWallace
79%
Champion - Black/WhiteAlder
71%
DragonDrake
71%
PsychicWill
68%
DarkSidney
64%
IceGlacia
64%
IceLorelei
64%
ChampionDiantha
61%
DarkKaren
61%
GhostPhoebe
61%
BugAaron
54%
FightingMarshal
50%
FireFlint
46%
GroundBertha
46%
GhostShauntal
43%
DarkGrimsley
43%
FireMalva
43%
PsychicLucian
36%
PsychicCaitlin
36%
WaterSiebold
36%
SteelWikstrom
32%
DragonDrasna
29%

Score Distribution

Percentile by Number Answered

Percent of People with Each Score

Your Score History

You have not taken this quiz